Выбор эффективных присадок при подготовке парафинистых нефтей месторождения Западной Сибири; Глобализация науки: проблемы и перспективы; Ч. 2

Bibliografiske detaljer
Parent link:Глобализация науки: проблемы и перспективы: сборник статей Международной научно-практической конференции, 7 февраля 2014 г., Уфа.— , 2014
Ч. 2.— 2014.— [С. 77-82]
Hovedforfatter: Иванова Т. В. Татьяна Владиславовна
Institution som forfatter: Национальный исследовательский Томский политехнический университет (ТПУ) Институт природных ресурсов (ИПР) Кафедра химической технологии топлива и химической кибернетики (ХТТ)
Andre forfattere: Бешагина Е. В. Евгения Владимировна
Summary:Заглавие с экрана
Sprog:russisk
Udgivet: 2014
Fag:
Online adgang:http://aeterna-ufa.ru/sbornik/GNPP_TOM2.pdf#page=77
Format: MixedMaterials Electronisk Book Chapter
KOHA link:https://koha.lib.tpu.ru/cgi-bin/koha/opac-detail.pl?biblionumber=652626

MARC

LEADER 00000naa0a2200000 4500
001 652626
005 20250902173054.0
035 |a (RuTPU)RU\TPU\network\17955 
090 |a 652626 
100 |a 20170120d2014 k||y0rusy50 ca 
101 0 |a rus 
102 |a RU 
135 |a arnn ---uucaa 
181 0 |a i  
182 0 |a b 
200 1 |a Выбор эффективных присадок при подготовке парафинистых нефтей месторождения Западной Сибири  |f Т. В. Иванова, Е. В. Бешагина 
203 |a Текст  |c электронный 
300 |a Заглавие с экрана 
320 |a [Библиогр.: с. 82 (3 назв.)] 
461 1 |t Глобализация науки: проблемы и перспективы  |o сборник статей Международной научно-практической конференции, 7 февраля 2014 г., Уфа  |o в 3 ч.  |d 2014 
463 |t Ч. 2  |v [С. 77-82]  |d 2014 
610 1 |a труды учёных ТПУ 
610 1 |a электронный ресурс 
610 1 |a присадки 
610 1 |a нефти 
610 1 |a свойства 
610 1 |a вязкие нефти 
700 1 |a Иванова  |b Т. В.  |g Татьяна Владиславовна 
701 1 |a Бешагина  |b Е. В.  |c химик-технолог  |c доцент Томского политехнического университета, кандидат химических наук  |f 1983-  |g Евгения Владимировна  |3 (RuTPU)RU\TPU\pers\25265  |9 11298 
712 0 2 |a Национальный исследовательский Томский политехнический университет (ТПУ)  |b Институт природных ресурсов (ИПР)  |b Кафедра химической технологии топлива и химической кибернетики (ХТТ)  |3 (RuTPU)RU\TPU\col\18665 
801 2 |a RU  |b 63413507  |c 20170120  |g RCR 
856 4 |u http://aeterna-ufa.ru/sbornik/GNPP_TOM2.pdf#page=77 
942 |c CF